Metodología de la investigación contable (Registro nro. 81)

Detalles MARC
000 -LEADER
fixed length control field 01799 a2200289 4500
001 - CONTROL NUMBER
control field 106
005 - DATE AND TIME OF LATEST TRANSACTION
control field 20260407155410.0
008 - FIXED-LENGTH DATA ELEMENTS--GENERAL INFORMATION
fixed length control field 260407a2006 arg spa d
003 - CONTROL NUMBER IDENTIFIER
control field AR-UNSa-BCEJYS
040 ## - CATALOGING SOURCE
Original cataloging agency AR-UNSa-BCEJYS
Language of cataloging spa
Transcribing agency AR-UNSa-BCEJYS
080 ## - UNIVERSAL DECIMAL CLASSIFICATION NUMBER
Universal Decimal Classification number 001.8
Common auxiliary subdivision Metodología. Estudio general del método. Procedimientos científicos y técnicos para el estudio, La investigación y la discusión
020 ## - INTERNATIONAL STANDARD BOOK NUMBER
International Standard Book Number 978-950-29-0971-4
041 ## - LANGUAGE CODE
Language code of text/sound track or separate title spa
100 1# - MAIN ENTRY--PERSONAL NAME
Personal name García Casella, Carlos Luis
245 10 - TITLE STATEMENT
Title Metodología de la investigación contable
250 ## - EDITION STATEMENT
Edition statement 1a. ed
264 #1 - PRODUCTION, PUBLICATION, DISTRIBUTION, MANUFACTURE, AND COPYRIGHT NOTICE
Place of production, publication, distribution, manufacture Buenos Aires :
Name of producer, publisher, distributor, manufacturer Universidad de Buenos Aires
Date of production, publication, distribution, manufacture, or copyright notice 2006
300 ## - PHYSICAL DESCRIPTION
Extent 189 p.
Dimensions 27 cm
505 ## - FORMATTED CONTENTS NOTE
Formatted contents note 1. Epistemología y contabilidad - 2. Relaciones entre objetivos, hipótesis y metodología - 3. Relación entre objetivos, hipótesis y metodología - 4. Modelización del esquema de investigación en contabilidad - 5. Métodos empiricos, diversas perspectivas - 6. Investigación empírica en contabilidad - 7. La matemática y la contabilidad. Un debate abierto - 8. Conceptos de matemática razonablemente necesarios para la investigación contable - 9. El método deductivo en contabilidad: su aplicación a la contabilidad microsocial - 10. Herramientas matemáticas innovadoras para el estudio del equilibrio en la empresa - 11. La investigación empírica:La calidad en los servicios de pasajeros - 12. Vinculación de los trabajos presentados.
590 ## - LOCAL NOTE (RLIN)
Local note niveau_biblio:m niveau_hierar:0
700 1# - ADDED ENTRY--PERSONAL NAME
Personal name Scarano, Eduardo R
700 1# - ADDED ENTRY--PERSONAL NAME
Personal name Gilli, Juan José
700 1# - ADDED ENTRY--PERSONAL NAME
Personal name Vázquez, Roberto
700 1# - ADDED ENTRY--PERSONAL NAME
Personal name Bongianino de Salgado, Claudia A
856 41 - ELECTRONIC LOCATION AND ACCESS
Uniform Resource Identifier <a href="https://biblioeco.unsa.edu.ar/pmb/images/libros/Metodologia de la investigacion contable2-l117918.jpg">https://biblioeco.unsa.edu.ar/pmb/images/libros/Metodologia de la investigacion contable2-l117918.jpg</a>
Link text Imagen de portada
Electronic format type image/jpeg
942 ## - ADDED ENTRY ELEMENTS (KOHA)
Koha item type
Existencias
Withdrawn status Lost status Damaged status Not for loan Home library Current library Shelving location Date acquired Total checkouts Full call number Barcode Date last seen Price effective from Koha item type
        Biblioteca Prof. Eusebio Cleto del Rey Biblioteca Prof. Eusebio Cleto del Rey   07/04/2026   001.8 M593 L117378 07/04/2026 07/04/2026 Libro
        Biblioteca Prof. Eusebio Cleto del Rey Biblioteca Prof. Eusebio Cleto del Rey   07/04/2026   001.8 M593 L117379 07/04/2026 07/04/2026 Libro
        Biblioteca Prof. Eusebio Cleto del Rey Biblioteca Prof. Eusebio Cleto del Rey   07/04/2026   001.8 M593 L117918 07/04/2026 07/04/2026 Libro
        Biblioteca Prof. Eusebio Cleto del Rey Biblioteca Prof. Eusebio Cleto del Rey   07/04/2026   001.8 M593 L117451 07/04/2026 07/04/2026 Libro